=LDR 00000nam 2200000 4500 =001 INLIS000000000042633 =005 20131008015432 =008 ***********************************Ind** =035 ##$$0010-101300000000555 =041 ##$$a Ind =082 ##$$a 793.7 =090 ##$$a 793.7, Tar s =100 ##$$a Tara Delaney =245 ##$$a 100 permainan =260 ##$$a 2012 $b Yogyakarta =300 ##$$a xiv, 266 hlm., ilus, 22 cm =650 ##$$a Permainan Anak =700 ##$$a Benedicta Rini =850 ##$$a NBPNMAT